[Event "Titled Tuesday intern op 26th Nov Late"]
[Site "Chess.com INT"]
[Date "2024.11.26"]
[Round "7"]
[White "Rodriguez, Santiago"]
[Black "Swicarz, Maciej"]
[Result "0-1"]
[WhiteElo "2252"]
[BlackElo "2326"]
[PlyCount "50"]
[EventDate "2024.11.26"]
[EventType "swiss (blitz)"]
[EventRounds "11"]
[EventCountry "USA"]
[SourceTitle "CB49_2024"]
[SourceDate "2024.12.04"]
[SourceVersion "1"]
[SourceVersionDate "2024.12.04"]
[SourceQuality "1"]

1. d4 Nf6 2. Bg5 c5 3. d5 Ne4 4. Bf4 Qb6 5. Qc1 e6 6. f3 Nf6 7. dxe6 fxe6 8. e4 Nc6 9. Nc3 a6 10. Bd3 d5 11. exd5 exd5 12. Bg5 Nb4 13. Qe3+ Be7 14. Qe5 Qe6 15. Qxe6 Bxe6 16. 0-0-0 0-0-0 17. Re1 Nxd3+ 18. cxd3 Kd7 19. Nge2 d4 20. Na4 Bxa2 21. Nf4 Rde8 22. Bxf6 gxf6 23. Nb6+ Kc6 24. Nc4 b5 25. Ne2 bxc4 0-1

[Event "Titled Tuesday intern op 26th Nov Late"]
[Site "Chess.com INT"]
[Date "2024.11.26"]
[Round "9"]
[White "Rosen, Eric S"]
[Black "Swicarz, Maciej"]
[Result "0-1"]
[WhiteElo "2377"]
[BlackElo "2326"]
[PlyCount "80"]
[EventDate "2024.11.26"]
[EventType "swiss (blitz)"]
[EventRounds "11"]
[EventCountry "USA"]
[SourceTitle "CB49_2024"]
[SourceDate "2024.12.04"]
[SourceVersion "1"]
[SourceVersionDate "2024.12.04"]
[SourceQuality "1"]

1. d4 Nf6 2. Bf4 d5 3. e3 c5 4. Nf3 Nc6 5. Nbd2 cxd4 6. exd4 Bf5 7. Bb5 a6 8. Bxc6+ bxc6 9. c4 Qa5 10. 0-0 e6 11. Ne5 Rc8 12. Nb3 Qb4 13. Rc1 Be7 14. cxd5 Nxd5 15. Rxc6 0-0 16. Qc1 Nxf4 17. Qxf4 a5 18. Rfc1 Ra8 19. R6c3 a4 20. Nc6 Qd6 21. Nxe7+ Qxe7 22. Nc5 Rfb8 23. g4 Bg6 24. Na6 Rd8 25. Nc7 Ra7 26. Nb5 Rb7 27. Na3 Rxb2 28. Rc8 h6 29. Qc7 Qxc7 30. R1xc7 Rxc8 31. Rxc8+ Kh7 32. Nc4 Rxa2 33. Ne5 Be4 34. f3 Bd5 35. Nxf7 Bxf3 36. Ne5 Rg2+ 37. Kf1 Bd5 38. h4 a3 39. h5 a2 40. Rc1 Rb2 0-1

[Event "Ostravsky Konik op-A"]
[Site "Ostrava"]
[Date "2024.05.02"]
[Round "6"]
[White "Swicarz, Maciej"]
[Black "Nguyen, Piotr"]
[Result "0-1"]
[WhiteElo "2251"]
[BlackElo "2398"]
[PlyCount "122"]
[EventDate "2024.04.27"]
[EventType "swiss"]
[EventRounds "9"]
[EventCountry "CZE"]
[SourceTitle "CBM 220 Extra"]
[Source "ChessBase"]
[SourceDate "2024.07.31"]
[SourceVersion "1"]
[SourceVersionDate "2024.07.31"]
[SourceQuality "1"]

1. e4 g6 2. d4 d6 3. Nc3 Bg7 4. Be3 a6 5. h4 h5 6. Nf3 Nf6 7. Ng5 Ng4 8. Bf4 f6 9. Nh3 e5 10. dxe5 dxe5 11. Qxd8+ Kxd8 12. Rd1+ Nd7 13. Bc1 c6 14. Bc4 Kc7 15. f4 Bh6 16. Bf7 exf4 17. Bxg6 f3 18. gxf3 Bxc1 19. Rxc1 Nge5 20. Nf4 Nxf3+ 21. Kf2 Nde5 22. Bxh5 Nd4 23. Nce2 Nxe2 24. Bxe2 f5 25. Rcg1 fxe4 26. Rg7+ Kb6 27. Re7 Ng4+ 28. Bxg4 Bxg4 29. Rxe4 Bf5 30. Rb4+ Kc7 31. c3 Raf8 32. Ke3 Rf7 33. Nd3 Rg8 34. Nc5 Bc8 35. Rf4 Re7+ 36. Kf2 Rge8 37. Kg3 b6 38. Nd3 Re3+ 39. Rf3 c5 40. Nxc5 Rg8+ 41. Kf2 Rxf3+ 42. Kxf3 bxc5 43. Rh2 Kd6 44. Kf4 Rg4+ 45. Kf3 Ke5 46. Re2+ Kd6 47. Re8 Bd7 48. Rh8 Rg1 49. h5 Rb1 50. b3 Rc1 51. c4 Rc2 52. h6 Rxa2 53. h7 Rh2 54. Kf4 Rh5 55. Ra8 Rxh7 56. Rxa6+ Bc6 57. Ra1 Rf7+ 58. Kg4 Ke5 59. Ra6 Bf3+ 60. Kg3 Be4 61. Rb6 Rb7 0-1

[Event "Ostravsky Konik op-A"]
[Site "Ostrava"]
[Date "2024.05.01"]
[Round "5"]
[White "Sernecki, Franciszek"]
[Black "Swicarz, Maciej"]
[Result "0-1"]
[WhiteElo "2342"]
[BlackElo "2251"]
[PlyCount "136"]
[EventDate "2024.04.27"]
[EventType "swiss"]
[EventRounds "9"]
[EventCountry "CZE"]
[SourceTitle "CBM 220 Extra"]
[Source "ChessBase"]
[SourceDate "2024.07.31"]
[SourceVersion "1"]
[SourceVersionDate "2024.07.31"]
[SourceQuality "1"]

1. d4 Nf6 2. c4 g6 3. Nc3 d5 4. cxd5 Nxd5 5. e4 Nxc3 6. bxc3 Bg7 7. Nf3 c5 8. Bb5+ Bd7 9. Be2 0-0 10. 0-0 Bg4 11. Be3 Qc7 12. Rc1 Nd7 13. Qb3 e5 14. Rfd1 b6 15. h3 Bxf3 16. Bxf3 Rad8 17. a4 Qb8 18. d5 f5 19. Rb1 Qd6 20. a5 Rb8 21. Qa4 Rfc8 22. Be2 Nf6 23. f3 Bf8 24. Ba6 Rc7 25. Qc4 Kh8 26. Bb5 f4 27. Bf2 g5 28. Bc6 Qd8 29. axb6 axb6 30. Qa6 Rg7 31. d6 Bxd6 32. Qd3 Bc7 33. Qc4 Qe7 34. Rd3 h5 35. Rbd1 Rd8 36. Rxd8+ Bxd8 37. Qa6 Qc7 38. Qa8 Rg8 39. Bd5 Rf8 40. Be6 Be7 41. Qa2 Rd8 42. Ra1 Rd6 43. Qa8+ Qd8 44. Qxd8+ Bxd8 45. Bc4 Kg7 46. Kf1 g4 47. hxg4 hxg4 48. Ke2 g3 49. Be1 Ne8 50. Bd5 Nc7 51. c4 Rh6 52. Bc3 Kf6 53. Rb1 Nxd5 54. exd5 Rh2 55. Rg1 b5 56. Kd3 b4 57. Bb2 Kf5 58. Bc1 Bf6 59. Bb2 Bg7 60. Ba1 Rh8 61. Bb2 Ra8 62. Ra1 Rxa1 63. Bxa1 e4+ 64. fxe4+ Kg6 65. e5 f3 66. d6 Kf7 67. d7 Ke7 68. gxf3 g2 0-1

[Event "Ostravsky Konik op-A"]
[Site "Ostrava"]
[Date "2024.04.30"]
[Round "4"]
[White "Swicarz, Maciej"]
[Black "Mrva, Marek"]
[Result "1-0"]
[WhiteElo "2251"]
[BlackElo "2075"]
[PlyCount "57"]
[EventDate "2024.04.27"]
[EventType "swiss"]
[EventRounds "9"]
[EventCountry "CZE"]
[SourceTitle "CBM 220 Extra"]
[Source "ChessBase"]
[SourceDate "2024.07.31"]
[SourceVersion "1"]
[SourceVersionDate "2024.07.31"]
[SourceQuality "1"]

1. d4 Nf6 2. c4 c5 3. d5 e6 4. Nc3 exd5 5. cxd5 d6 6. Nf3 g6 7. Nd2 Bg7 8. e4 0-0 9. Be2 Na6 10. 0-0 Nc7 11. a4 b6 12. Re1 Re8 13. h3 Rb8 14. Bb5 Nd7 15. Nc4 Qf6 16. Be3 a6 17. Bxd7 Bxd7 18. Qd2 Bf8 19. e5 dxe5 20. Bg5 Qg7 21. Ne4 Bf5 22. Nf6+ Kh8 23. d6 Rec8 24. dxc7 Rxc7 25. Nd5 Rc6 26. Nxe5 Rd6 27. Nc4 Rc6 28. Qf4 Rb7 29. Re8 1-0

[Event "Titled Tuesday intern op 05th Mar Early"]
[Site "Chess.com INT"]
[Date "2024.03.05"]
[Round "5"]
[White "Kucuksari, Kaan"]
[Black "Swicarz, Maciej"]
[Result "1-0"]
[WhiteElo "2465"]
[BlackElo "2251"]
[PlyCount "97"]
[EventDate "2024.03.05"]
[EventType "swiss (blitz)"]
[EventRounds "11"]
[EventCountry "USA"]
[SourceTitle "EXT 2025"]
[Source "ChessBase"]
[SourceDate "2024.10.14"]
[SourceVersion "1"]
[SourceVersionDate "2024.10.14"]
[SourceQuality "1"]

1. d4 Nf6 2. c4 e6 3. g3 c5 4. d5 exd5 5. cxd5 b5 6. e4 d6 7. Bxb5+ Bd7 8. Bxd7+ Nbxd7 9. Nc3 g6 10. Nf3 Bg7 11. 0-0 0-0 12. Bf4 Nb6 13. Nd2 Re8 14. Qc2 a6 15. Kg2 Rb8 16. Rfe1 Nh5 17. Be3 Qd7 18. Re2 Qb7 19. Rae1 Nd7 20. Nc4 Bf8 21. f4 Nhf6 22. h3 Nb6 23. Nd2 Bg7 24. Bf2 Re7 25. Kh2 Rbe8 26. a4 Nc8 27. Nc4 Qb4 28. Qd3 Nd7 29. Be3 Ndb6 30. Nxb6 Qxb6 31. Bc1 Qa5 32. Qf3 Nb6 33. e5 dxe5 34. f5 f6 35. Rd1 Nxa4 36. d6 Nxc3 37. bxc3 Rd7 38. Rb2 Qd8 39. Qc6 gxf5 40. Rb7 Rxb7 41. Qxb7 f4 42. gxf4 exf4 43. Bxf4 Re2+ 44. Kh1 Rf2 45. Bg3 Re2 46. d7 Bf8 47. Qd5+ Kg7 48. Bf4 Be7 49. Rg1+ 1-0

[Event "Titled Tuesday intern op 05th Mar Early"]
[Site "Chess.com INT"]
[Date "2024.03.05"]
[Round "9"]
[White "Swicarz, Maciej"]
[Black "Corrales Jimenez, Zenia"]
[Result "1/2-1/2"]
[WhiteElo "2251"]
[BlackElo "2153"]
[PlyCount "128"]
[EventDate "2024.03.05"]
[EventType "swiss (blitz)"]
[EventRounds "11"]
[EventCountry "USA"]
[SourceTitle "EXT 2025"]
[Source "ChessBase"]
[SourceDate "2024.10.14"]
[SourceVersion "1"]
[SourceVersionDate "2024.10.14"]
[SourceQuality "1"]

1. e4 c5 2. Nc3 Nc6 3. Bb5 Nd4 4. Bc4 e6 5. Nge2 Ne7 6. 0-0 Nec6 7. d3 Be7 8. Nxd4 Nxd4 9. Ne2 Nxe2+ 10. Qxe2 0-0 11. e5 d5 12. exd6 Bxd6 13. Qf3 Rb8 14. a4 b6 15. Bf4 Bb7 16. Qg3 Bxf4 17. Qxf4 Qd7 18. Rfe1 Qc6 19. Qg3 a6 20. Re4 b5 21. axb5 axb5 22. Rg4 bxc4 23. Rxg7+ Kh8 24. dxc4 Rg8 25. Rxg8+ Rxg8 26. Qe5+ Rg7 27. Qb8+ Qc8 28. Qxc8+ Bxc8 29. Ra5 Bb7 30. g3 Rg5 31. f4 Rh5 32. b4 Kg7 33. b5 e5 34. Ra7 Be4 35. b6 exf4 36. Re7 fxg3 37. Rxe4 gxh2+ 38. Kh1 Rh6 39. b7 Rb6 40. Re7 Kf6 41. Rc7 Rb2 42. Kxh2 Rxc2+ 43. Kg3 Rb2 44. Kf4 Ke6 45. Ke4 f5+ 46. Kf4 h5 47. Rh7 h4 48. Rxh4 Rxb7 49. Rh6+ Kd7 50. Kxf5 Rb4 51. Rh4 Kd6 52. Rh6+ Kc7 53. Rh4 Rb2 54. Ke5 Rd2 55. Re4 Kb6 56. Ke6 Ka5 57. Ke5 Kb4 58. Ke6 Rd4 59. Re1 Kxc4 60. Rc1+ Kb4 61. Rb1+ Kc3 62. Rc1+ Kb4 63. Rb1+ Ka3 64. Rc1 Kb4 1/2-1/2

[Event "Titled Tuesday intern op 05th Mar Early"]
[Site "Chess.com INT"]
[Date "2024.03.05"]
[Round "7"]
[White "Wueest, Andrin"]
[Black "Swicarz, Maciej"]
[Result "1-0"]
[WhiteElo "2234"]
[BlackElo "2251"]
[PlyCount "115"]
[EventDate "2024.03.05"]
[EventType "swiss (blitz)"]
[EventRounds "11"]
[EventCountry "USA"]
[SourceTitle "EXT 2025"]
[Source "ChessBase"]
[SourceDate "2024.10.14"]
[SourceVersion "1"]
[SourceVersionDate "2024.10.14"]
[SourceQuality "1"]

1. d4 Nf6 2. Nf3 e6 3. e3 c5 4. c3 Nc6 5. Bd3 b6 6. Nbd2 Bb7 7. Qe2 d5 8. Ne5 Nxe5 9. dxe5 Nd7 10. f4 Qh4+ 11. g3 Qh3 12. Nf3 Be7 13. Qf2 0-0-0 14. a4 d4 15. cxd4 cxd4 16. e4 Nc5 17. Qe2 Nxd3+ 18. Qxd3 Bb4+ 19. Kf2 Kb8 20. Bd2 Bxd2 21. Nxd2 f6 22. exf6 gxf6 23. a5 f5 24. axb6 axb6 25. Qa3 fxe4 26. Qa7+ Kc7 27. Rhc1+ Kd6 28. Qxb6+ Ke7 29. Qxb7+ Kf6 30. Qxe4 Qxh2+ 31. Qg2 Qh5 32. Ne4+ Kg6 33. Ra6 Rhe8 34. Ng5 d3 35. Qe4+ Kg7 36. Qe5+ Kg8 37. Rxe6 Qh2+ 38. Kf3 Qe2+ 39. Qxe2 dxe2 40. Rxe2 Rd3+ 41. Kf2 Rxe2+ 42. Kxe2 Rxg3 43. Nf3 Rg2+ 44. Ke3 Rxb2 45. Rc7 Rb3+ 46. Kf2 h6 47. Kg3 Ra3 48. Kg4 Rb3 49. Ne5 Rb1 50. Nd7 Kg7 51. Kf5 Rb5+ 52. Ne5+ Kg8 53. Rc6 Kg7 54. Rc7+ Kg8 55. Kg6 Rb4 56. Ng4 Rxf4 57. Nf6+ Kf8 58. Rf7# 1-0

[Event "Titled Tuesday intern op 20th Feb Early"]
[Site "Chess.com INT"]
[Date "2024.02.20"]
[Round "3"]
[White "Hros, Roman"]
[Black "Swicarz, Maciej"]
[Result "0-1"]
[WhiteElo "2310"]
[BlackElo "2261"]
[PlyCount "60"]
[EventDate "2024.02.20"]
[EventType "swiss (blitz)"]
[EventRounds "11"]
[EventCountry "USA"]
[SourceTitle "EXT 2025"]
[Source "ChessBase"]
[SourceDate "2024.10.14"]
[SourceVersion "1"]
[SourceVersionDate "2024.10.14"]
[SourceQuality "1"]

1. e4 c5 2. Be2 d5 3. exd5 Qxd5 4. Nf3 Nc6 5. Na3 Bg4 6. 0-0 Nf6 7. d4 cxd4 8. Nb5 0-0-0 9. Nbxd4 Nxd4 10. Nxd4 Qxd4 11. Qe1 e6 12. Be3 Qa4 13. b3 Qc6 14. f3 Bc5 15. Bb5 Bxe3+ 16. Qxe3 Qxb5 17. fxg4 Qb6 18. Qxb6 axb6 19. g5 Ne4 20. Rxf7 Rd7 21. Raf1 Nxg5 22. Rxd7 Kxd7 23. h4 Ne4 24. Rf7+ Kc6 25. Rxg7 h5 26. Kh2 Nf6 27. Rg6 Ng4+ 28. Kg3 Kd6 29. Kf4 Rf8+ 30. Kg5 Rf5# 0-1

[Event "Titled Tuesday intern op 20th Feb Late"]
[Site "Chess.com INT"]
[Date "2024.02.20"]
[Round "2"]
[White "Swicarz, Maciej"]
[Black "Micic, Aleksa"]
[Result "0-1"]
[WhiteElo "2261"]
[BlackElo "2223"]
[PlyCount "94"]
[EventDate "2024.02.20"]
[EventType "swiss (blitz)"]
[EventRounds "11"]
[EventCountry "USA"]
[SourceTitle "EXT 2025"]
[Source "ChessBase"]
[SourceDate "2024.10.14"]
[SourceVersion "1"]
[SourceVersionDate "2024.10.14"]
[SourceQuality "1"]

1. e4 c5 2. Nc3 g6 3. f4 Nc6 4. Bb5 Nd4 5. Bc4 a6 6. Nf3 Bg7 7. Nxd4 cxd4 8. Ne2 e6 9. d3 b5 10. Bb3 Bb7 11. 0-0 Ne7 12. a4 0-0 13. Qe1 Nc6 14. Bd2 Qb6 15. Kh1 Kh8 16. Qh4 Na5 17. Bxa5 Qxa5 18. axb5 Qxb5 19. Ba4 Qb4 20. c3 Qxb2 21. Qf2 Qd2 22. Rad1 Qa2 23. Ra1 Qd2 24. Rad1 Qe3 25. Nxd4 Qxf2 26. Rxf2 Bxd4 27. cxd4 d5 28. e5 Rfc8 29. Rb2 Bc6 30. Bxc6 Rxc6 31. Ra2 Rc3 32. Kg1 Rb3 33. Kf2 a5 34. Ke3 a4 35. Rda1 a3 36. g3 h5 37. h3 Kg7 38. g4 hxg4 39. hxg4 Kf8 40. Rh1 Ke7 41. Rha1 Ra4 42. Rc1 Rbb4 43. Rc7+ Kf8 44. f5 gxf5 45. gxf5 exf5 46. Rd7 Rxd4 47. Rxd5 Rxd5 0-1

[Event "Titled Tuesday intern op 20th Feb Early"]
[Site "Chess.com INT"]
[Date "2024.02.20"]
[Round "11"]
[White "Swicarz, Maciej"]
[Black "Pashikyan, Rudolf"]
[Result "0-1"]
[WhiteElo "2261"]
[BlackElo "2286"]
[PlyCount "78"]
[EventDate "2024.02.20"]
[EventType "swiss (blitz)"]
[EventRounds "11"]
[EventCountry "USA"]
[SourceTitle "EXT 2025"]
[Source "ChessBase"]
[SourceDate "2024.10.14"]
[SourceVersion "1"]
[SourceVersionDate "2024.10.14"]
[SourceQuality "1"]

1. e4 e5 2. Nf3 Nc6 3. c3 d5 4. Qa4 Nf6 5. Nxe5 dxe4 6. Nxc6 bxc6 7. Qxc6+ Bd7 8. Qa6 Bd6 9. Bb5 0-0 10. Bxd7 Qxd7 11. 0-0 Qf5 12. d4 exd3 13. Be3 Ng4 14. g3 Ne5 15. Nd2 Qh3 16. f3 Rfe8 17. Bd4 Rad8 18. Rae1 c5 19. Bxe5 Bxe5 20. f4 Re6 21. Qa5 Bf6 22. Rxe6 Qxe6 23. Qxc5 h6 24. Qxa7 Rd5 25. Qf2 Be7 26. Re1 Qd7 27. Kg2 Bf6 28. Qf3 g6 29. Re3 Kg7 30. a4 Rd6 31. a5 Qb5 32. Ne4 Rd7 33. Nxf6 Kxf6 34. b4 d2 35. Qd1 Qc6+ 36. Kf2 Qc4 37. Re2 Qxc3 38. a6 Qc1 39. Rxd2 Rxd2+ 0-1

[Event "Titled Tuesday intern op 06th Feb Early"]
[Site "Chess.com INT"]
[Date "2024.02.06"]
[Round "1"]
[White "Shimanov, Aleksandr"]
[Black "Swicarz, Maciej"]
[Result "1-0"]
[WhiteElo "2578"]
[BlackElo "2261"]
[PlyCount "43"]
[EventDate "2024.02.06"]
[EventType "swiss (blitz)"]
[EventRounds "11"]
[EventCountry "USA"]
[SourceTitle "CBM 218 Extra"]
[Source "ChessBase"]
[SourceDate "2024.03.31"]
[SourceVersion "1"]
[SourceVersionDate "2024.03.31"]
[SourceQuality "1"]

1. Nf3 c5 2. e4 d6 3. Nc3 Nf6 4. e5 dxe5 5. Nxe5 a6 6. Be2 Qc7 7. d4 e6 8. Bf4 Bd6 9. Na4 cxd4 10. Qxd4 Nc6 11. Nxc6 Bxf4 12. Nb6 e5 13. Qc5 Rb8 14. g3 Qxc6 15. Qxc6+ bxc6 16. Nxc8 Bxg3 17. Nd6+ Kd7 18. Nxf7 Rhf8 19. hxg3 Rxf7 20. Bxa6 Rxb2 21. 0-0-0+ Kc7 22. Kxb2 1-0

[Event "Titled Tuesday intern op 09th Jan Early"]
[Site "Chess.com INT"]
[Date "2024.01.09"]
[Round "11"]
[White "Novozhilov, Semen"]
[Black "Swicarz, Maciej"]
[Result "0-1"]
[WhiteElo "2272"]
[BlackElo "2261"]
[PlyCount "42"]
[EventDate "2024.01.09"]
[EventType "swiss (blitz)"]
[EventRounds "11"]
[EventCountry "USA"]
[SourceTitle "CBM 218 Extra"]
[Source "ChessBase"]
[SourceDate "2024.03.31"]
[SourceVersion "1"]
[SourceVersionDate "2024.03.31"]
[SourceQuality "1"]

1. d4 Nf6 2. Nf3 e6 3. e3 c5 4. Bd3 Nc6 5. 0-0 b6 6. c4 Bb7 7. b3 cxd4 8. exd4 d5 9. Bb2 Be7 10. cxd5 Nxd5 11. Ne5 0-0 12. Qg4 Nf6 13. Qh4 Nxe5 14. dxe5 Qxd3 15. exf6 Bxf6 16. Bxf6 gxf6 17. Qxf6 Qg6 18. Qxg6+ hxg6 19. Nc3 Rac8 20. Nb5 Ba6 21. Nxa7 Rc7 0-1

[Event "Titled Tuesday intern op 09th Jan Early"]
[Site "Chess.com INT"]
[Date "2024.01.09"]
[Round "8"]
[White "Rodriguez Avila, Alvaro"]
[Black "Swicarz, Maciej"]
[Result "0-1"]
[WhiteElo "2190"]
[BlackElo "2261"]
[PlyCount "98"]
[EventDate "2024.01.09"]
[EventType "swiss (blitz)"]
[EventRounds "11"]
[EventCountry "USA"]
[SourceTitle "CBM 218 Extra"]
[Source "ChessBase"]
[SourceDate "2024.03.31"]
[SourceVersion "1"]
[SourceVersionDate "2024.03.31"]
[SourceQuality "1"]

1. e4 c5 2. d4 cxd4 3. c3 dxc3 4. Nf3 Nc6 5. Bc4 e6 6. 0-0 Bb4 7. bxc3 Bc5 8. Nbd2 a6 9. Nb3 Ba7 10. Ba3 b5 11. Be2 Nge7 12. Qd6 Bb8 13. Qd2 0-0 14. Rfd1 Qc7 15. Rac1 Re8 16. Bd6 Qxd6 17. Qxd6 Bxd6 18. Rxd6 Nd8 19. Nc5 Nb7 20. Rxa6 Rxa6 21. Nxa6 Nd6 22. Nc7 Rd8 23. e5 Ndf5 24. Nxb5 Nc6 25. Nd6 Nxe5 26. Nxf5 Nxf3+ 27. Bxf3 exf5 28. c4 Ba6 29. c5 Rc8 30. h3 g6 31. Kh2 Kf8 32. Kg3 h5 33. Kf4 Ke7 34. Rc3 Kf6 35. h4 Bb5 36. Bd5 Bc6 37. Rd3 Bxd5 38. Rxd5 Ke7 39. Kg5 Ra8 40. Rd2 Ra5 41. Rc2 Ra6 42. f3 Kf8 43. g4 fxg4 44. fxg4 hxg4 45. Kxg4 Kg7 46. Rd2 Ra4+ 47. Kg3 Ra3+ 48. Kg4 Ra4+ 49. Kg3 Ra7 0-1

[Event "Titled Tuesday intern op 09th Jan Early"]
[Site "Chess.com INT"]
[Date "2024.01.09"]
[Round "7"]
[White "Shuvalova, Polina"]
[Black "Swicarz, Maciej"]
[Result "1-0"]
[WhiteElo "2475"]
[BlackElo "2261"]
[PlyCount "115"]
[EventDate "2024.01.09"]
[EventType "swiss (blitz)"]
[EventRounds "11"]
[EventCountry "USA"]
[SourceTitle "CBM 218 Extra"]
[Source "ChessBase"]
[SourceDate "2024.03.31"]
[SourceVersion "1"]
[SourceVersionDate "2024.03.31"]
[SourceQuality "1"]

1. e4 c5 2. Nf3 d6 3. Bb5+ Nd7 4. 0-0 a6 5. Bd3 g6 6. Re1 Bg7 7. Bf1 e5 8. c3 Ne7 9. d4 exd4 10. cxd4 cxd4 11. Nxd4 0-0 12. Nc3 b5 13. Bf4 Ne5 14. Qd2 Bb7 15. Rad1 b4 16. Na4 Qa5 17. b3 Rfd8 18. Rc1 Rac8 19. Bg5 Rxc1 20. Rxc1 f6 21. Be3 Bxe4 22. Ne6 Rc8 23. Bb6 Qd5 24. Rxc8+ Nxc8 25. Qxd5 Bxd5 26. Nxg7 Kxg7 27. Bxa6 Nxb6 28. Nxb6 Be6 29. f4 Nc6 30. Kf2 g5 31. Ke3 h6 32. Bc4 Bf5 33. fxg5 fxg5 34. Bd3 Be6 35. Bb5 Ne5 36. Kd4 Bf5 37. Nd5 Bb1 38. Nxb4 Kf6 39. a4 Ke6 40. Bd3 Nxd3 41. Nxd3 Bc2 42. Kc3 Bd1 43. a5 Kd5 44. b4 Kc6 45. Nf2 Be2 46. Ne4 d5 47. Nf6 Bf1 48. g3 Be2 49. Kd4 Bf3 50. Ke5 Kb5 51. Nxd5 g4 52. Kd4 Bg2 53. Nc7+ Kxb4 54. a6 Ka5 55. a7 Kb6 56. a8Q Bxa8 57. Nxa8+ Kc6 58. Ke5 1-0

[Event "Titled Tuesday intern op 09th Jan Early"]
[Site "Chess.com INT"]
[Date "2024.01.09"]
[Round "1"]
[White "Swicarz, Maciej"]
[Black "Madaminov, Mukhiddin"]
[Result "0-1"]
[WhiteElo "2261"]
[BlackElo "2488"]
[PlyCount "136"]
[EventDate "2024.01.09"]
[EventType "swiss (blitz)"]
[EventRounds "11"]
[EventCountry "USA"]
[SourceTitle "CBM 218 Extra"]
[Source "ChessBase"]
[SourceDate "2024.03.31"]
[SourceVersion "1"]
[SourceVersionDate "2024.03.31"]
[SourceQuality "1"]

1. e4 e5 2. Nf3 Nc6 3. Bc4 Nf6 4. d3 d5 5. exd5 Nxd5 6. 0-0 Be7 7. Re1 f6 8. d4 Nb6 9. Bb5 0-0 10. Bxc6 bxc6 11. dxe5 Qxd1 12. Rxd1 Bg4 13. Nbd2 fxe5 14. Re1 Bd6 15. h3 Bf5 16. Ne4 h6 17. b3 Nd5 18. Bb2 Nb4 19. Rac1 Nxa2 20. Rcd1 Rad8 21. c3 Be6 22. b4 Bd5 23. Ra1 a5 24. bxa5 Rb8 25. Nxd6 cxd6 26. Ba3 Rfd8 27. Re3 Rb3 28. Bb4 Nxb4 29. cxb4 Rxb4 30. a6 Kf7 31. a7 Ra8 32. Nd2 g5 33. f3 Ke6 34. Ne4 c5 35. Ng3 Bb3 36. Ra6 c4 37. Ne4 Ra4 38. Nc5+ Kd5 39. Nxa4 Kd4 40. Kf2 d5 41. Nc3 Kc5 42. Ra5+ Kb4 43. Rxd5 Rxa7 44. Rdxe5 Bc2 45. Nd5+ Ka4 46. Nb6+ Kb4 47. Re6 Bd3 48. Nd5+ Kc5 49. Nf6 Ra2+ 50. Kg3 Kd4 51. R6e4+ Bxe4 52. Rxe4+ Kd3 53. Nd5 Rb2 54. Re6 h5 55. Rg6 h4+ 56. Kh2 Kd4 57. Rxg5 Rb5 58. g3 Rxd5 59. Rg4+ Kd3 60. gxh4 c3 61. Rg8 Rc5 62. Rd8+ Ke2 63. Re8+ Kf2 64. Ra8 c2 65. Ra2 Kxf3 66. Rxc2 Rxc2+ 67. Kg1 Kg3 68. Kf1 Kxh4 0-1

[Event "Titled Tuesday intern op 09th Jan Early"]
[Site "Chess.com INT"]
[Date "2024.01.09"]
[Round "2"]
[White "Tarnowska, Aleksandra"]
[Black "Swicarz, Maciej"]
[Result "0-1"]
[WhiteElo "1793"]
[BlackElo "2261"]
[PlyCount "90"]
[EventDate "2024.01.09"]
[EventType "swiss (blitz)"]
[EventRounds "11"]
[EventCountry "USA"]
[SourceTitle "CBM 218 Extra"]
[Source "ChessBase"]
[SourceDate "2024.03.31"]
[SourceVersion "1"]
[SourceVersionDate "2024.03.31"]
[SourceQuality "1"]

1. e4 c5 2. Nf3 d6 3. Bb5+ Nd7 4. 0-0 a6 5. Bxd7+ Bxd7 6. Re1 e5 7. d3 Be7 8. Nbd2 f5 9. exf5 Bxf5 10. Ne4 Nf6 11. Ng3 Be6 12. Ng5 Bd5 13. Nf5 0-0 14. c4 Bf7 15. Be3 Qd7 16. Nxe7+ Qxe7 17. Qf3 Bg6 18. Rad1 Kh8 19. Qh3 Rae8 20. Bc1 Nh5 21. Ne4 Nf4 22. Bxf4 Rxf4 23. Re3 Ref8 24. f3 b5 25. cxb5 axb5 26. Qg3 Qe6 27. a3 R4f7 28. Ng5 Qb3 29. Nxf7+ Rxf7 30. Qf2 Qxd1+ 31. Re1 Qxd3 32. b4 Qd4 33. Qxd4 cxd4 34. Rc1 h6 35. Kf2 e4 36. Ke2 e3 37. Rc8+ Kh7 38. Rc6 Re7 39. Rxd6 d3+ 40. Kd1 d2 41. Ke2 Bc2 42. Rd8 Bb3 43. g4 Bc4+ 44. Kd1 e2+ 45. Kxd2 e1Q+ 0-1

[Event "Titled Tuesday intern op 05th Dec Early"]
[Site "Chess.com INT"]
[Date "2023.12.05"]
[Round "4"]
[White "Damjanovic, Vuk"]
[Black "Swicarz, Maciej"]
[Result "1-0"]
[WhiteElo "2346"]
[BlackElo "2261"]
[PlyCount "55"]
[EventDate "2023.12.05"]
[EventType "swiss (blitz)"]
[EventRounds "11"]
[EventCountry "USA"]
[SourceTitle "EXT 2025"]
[Source "ChessBase"]
[SourceDate "2024.10.14"]
[SourceVersion "1"]
[SourceVersionDate "2024.10.14"]
[SourceQuality "1"]

1. Nf3 c5 2. e3 Nc6 3. c4 g6 4. b3 Bg7 5. Nc3 e6 6. Bb2 Nge7 7. Be2 0-0 8. 0-0 b6 9. a3 Bb7 10. Rc1 d5 11. cxd5 Nxd5 12. Qc2 Rc8 13. Rfd1 Nxc3 14. Bxc3 Qe7 15. Qb2 e5 16. b4 cxb4 17. axb4 f6 18. b5 Nd4 19. exd4 exd4 20. Nxd4 Rfd8 21. Bf3 Rc4 22. Re1 Qd7 23. Qa2 Bd5 24. Re7 Qxe7 25. Bxd5+ Rxd5 26. Qxc4 Qc5 27. Qa2 f5 28. Ne6 1-0

[Event "Titled Tuesday intern op 05th Dec Early"]
[Site "Chess.com INT"]
[Date "2023.12.05"]
[Round "6"]
[White "Swicarz, Maciej"]
[Black "Gubajdullin, Alexey"]
[Result "1-0"]
[WhiteElo "2261"]
[BlackElo "2253"]
[PlyCount "101"]
[EventDate "2023.12.05"]
[EventType "swiss (blitz)"]
[EventRounds "11"]
[EventCountry "USA"]
[SourceTitle "EXT 2025"]
[Source "ChessBase"]
[SourceDate "2024.10.14"]
[SourceVersion "1"]
[SourceVersionDate "2024.10.14"]
[SourceQuality "1"]

1. e4 g6 2. d4 Bg7 3. Nc3 d6 4. Be3 a6 5. a4 Nf6 6. Be2 Nc6 7. h3 a5 8. Nf3 0-0 9. 0-0 Nd7 10. Qd2 Nb4 11. Bc4 c6 12. Rac1 Qc7 13. Bh6 Nb6 14. Bb3 Be6 15. Bxe6 fxe6 16. Bxg7 Kxg7 17. Ng5 Qd7 18. d5 e5 19. Ne6+ Kg8 20. Nxf8 Rxf8 21. dxc6 bxc6 22. b3 Qe6 23. f4 exf4 24. Rxf4 Rxf4 25. Qxf4 Nd7 26. Rf1 Nxc2 27. Qg4 Qxg4 28. hxg4 Nc5 29. Rb1 Kf7 30. Kf2 Ke6 31. Kf3 Nxb3 32. Kf4 Ncd4 33. Rh1 d5 34. Rxh7 Kd6 35. e5+ Ke6 36. Rg7 Nc5 37. Rxg6+ Kf7 38. Rh6 Kg7 39. g5 Nde6+ 40. Kf5 Nd4+ 41. Kg4 e6 42. Rh1 Nd3 43. Rb1 Nxe5+ 44. Kh5 Nf5 45. Rb7+ Kg8 46. Ra7 Ng7+ 47. Kh4 Nf5+ 48. Kh3 d4 49. Ne4 d3 50. Rxa5 Nc4 51. Ra7 1-0